Tango, nur Tango Evergreen-Potpourri /

Hlavní autor: Hein, Eric
Jazyk: Nelze použít, není lingvistický obsah
Vydáno: München : Dreiklang-Dreimasken Bühnen-u. Musikverlag, 1958
Fyzický popis: 12 hlasů
Hudebniny Hudebniny
Uloženo v:
LEADER 00758ncm a22002172a 4500
001 001101193
003 CZ BrMZK
005 20220908141339.0
007 qu
008 090401s1958 gw |||||r|||||||| zxx d
040 |a BOA001  |b cze 
072 7 |a 785  |x Instrumentální hudba. Symfonická hudba. Hudba pro více nástrojů  |2 Konspekt  |9 9 
100 1 |a Hein, Eric  |7 mzk2011632275  |4 cmp 
245 1 0 |a Tango, nur Tango  |h [hudebnina] :  |b Evergreen-Potpourri /  |c Eric Hein 
260 |a München :  |b Dreiklang-Dreimasken Bühnen-u. Musikverlag,  |c 1958 
300 |a 12 hlasů 
500 |a Taneční orchestr 
910 |a BOA001  |b Mus3-0695.019 
990 |a MU 
991 |b 201006 
996 6 |b 2619456356  |c Mus3-0695.019  |l MZK  |r Sklad / do 1 hodiny  |n 1  |w 001240221  |u 000010  |a 1  |e BOA001  |j MZK50  |s P